| 000 -ლიდერი |
| ფიქსირებული სიგრძის საკონტროლო ველი |
01507nam a2200253Ia 4500 |
| 001 - საკონტროლო ნომერი |
| საკონტროლო ველი |
20504 |
| 003 - საკონტროლო ნომრის იდენტიფიკატორი |
| საკონტროლო ველი |
GE_BSU |
| 005 - ბოლო ოპერაციის თარიღი და დრო |
| საკონტროლო ველი |
20210112002007.0 |
| 008 - ფიქსირებული სიგრძის მონაცემთა ელემენტები - ზოგადი ინფორმაცია |
| ფიქსირებული სიგრძის საკონტროლო ველი |
181216s1956||||ge |||||||||||||| ||geo|| |
| 040 ## - კატალოგიზაციის წყარო |
| Transcribing agency |
GE_BSU |
| 041 ## - ენის კოდი |
| Language code of text/sound track or separate title |
geo |
| 080 ## - უნივერსალური ათობითი კლასიფიკაციის ინდექსი |
| Universal Decimal Classification number |
811.353.1(072) ქ-27 |
| 245 ## - ცნობა სათაურის შესახებ |
| Title |
ქართული ენისა და ლიტერატურის სწავლების საკითხები სკოლაში : |
| Remainder of title |
კრებული 9 / |
| Statement of responsibility, etc |
რედ. მ. ჩინჩალაძე. |
| 260 ## - გამოქვეყნების, გავრცელების, და სხვა. ცნობები |
| Place of publication, distribution, etc |
თბილისი |
| 260 ## - გამოქვეყნების, გავრცელების, და სხვა. ცნობები |
| Name of publisher, distributor, etc |
ინ-ტის გამ-ბა |
| 260 ## - გამოქვეყნების, გავრცელების, და სხვა. ცნობები |
| Date of publication, distribution, etc |
1956 |
| 300 ## - ფიზიკური აღწერა |
| Extent |
246 გვ.. 21სმ. |
| 653 ## - INDEX TERM--UNCONTROLLED |
| Uncontrolled term |
ქართული ენის სწავლების მეთოდიკა; ქართული ლიტერატურის სწავლების მეთოდიკა |
| 653 ## - INDEX TERM--UNCONTROLLED |
| Uncontrolled term |
ქართული ენისა და ლიტერატურის სწავლების საკითხები სკოლაში. კრ. 9 |
| 700 ## - ADDED ENTRY--PERSONAL NAME |
| Personal name |
რედ. მ. ჩინჩალაძე |
| 9 (RLIN) |
10034 |
| 710 ## - ADDED ENTRY--CORPORATE NAME |
| Corporate name or jurisdiction name as entry element |
საქართველოს სსრ განათლების სამინისტრო პედაგოგიურ მეცნიერბათა სამეცნიერო-საკვლევი ინსტიტუტი სამეც.-საკვლ. ინ-ტი |
| 9 (RLIN) |
10035 |
| 942 ## - ADDED ENTRY ELEMENTS (KOHA) |
| Koha item type |
წიგნი |
| Source of classification or shelving scheme |
|